[Event "American Continental Rapid 18th"]
[Site "Medellin"]
[Date "2024.06.01"]
[Round "4"]
[White "Jop A, Laura Elizabeth"]
[Black "Manotas, S Franklin"]
[Result "0-1"]
[WhiteElo "1752"]
[BlackElo "1947"]
[PlyCount "68"]
[EventDate "2024.06.01"]
[EventType "swiss (rapid)"]
[EventRounds "9"]
[EventCountry "COL"]
[SourceTitle "CB23_2024"]
[SourceDate "2024.06.05"]
[SourceVersion "1"]
[SourceVersionDate "2024.06.05"]
[SourceQuality "1"]

1. d4 d5 2. c4 e6 3. Nc3 f5 4. Nf3 Nf6 5. Bg5 c6 6. e3 Bd6 7. Bd3 g6 8. 0-0 0-0 9. Rb1 Nbd7 10. c5 Bc7 11. b4 a6 12. a4 Qe8 13. b5 axb5 14. axb5 e5 15. Be2 e4 16. Nd2 Kg7 17. Re1 h6 18. Bxf6+ Nxf6 19. f3 Bd7 20. b6 Bb8 21. Qc2 Qe7 22. Nb3 exf3 23. Bxf3 Ne4 24. Bxe4 fxe4 25. Rf1 Qh4 26. g3 Bxg3 27. hxg3 Qxg3+ 28. Qg2 Qxe3+ 29. Kh2 Qxc3 30. Qb2 Qe3 31. Na1 Ra3 32. Kh1 Qh3+ 33. Qh2 Rxf1+ 34. Rxf1 Qxf1+ 0-1

[Event "American Continental Rapid 18th"]
[Site "Medellin"]
[Date "2024.06.01"]
[Round "3"]
[White "Manotas, S Franklin"]
[Black "Fernandez, Andres"]
[Result "1/2-1/2"]
[WhiteElo "1947"]
[BlackElo "1717"]
[PlyCount "275"]
[EventDate "2024.06.01"]
[EventType "swiss (rapid)"]
[EventRounds "9"]
[EventCountry "COL"]
[SourceTitle "CB23_2024"]
[SourceDate "2024.06.05"]
[SourceVersion "1"]
[SourceVersionDate "2024.06.05"]
[SourceQuality "1"]

1. d4 d5 2. e3 Nf6 3. Bd3 e6 4. Nd2 c5 5. c3 Nc6 6. f4 g6 7. Ngf3 Bg7 8. 0-0 c4 9. Bc2 b5 10. a3 0-0 11. Ne5 Bb7 12. Qf3 Nxe5 13. fxe5 Nd7 14. g4 f5 15. gxf5 Qg5+ 16. Kh1 gxf5 17. Rg1 Qh4 18. Nf1 Rab8 19. Qg2 Rf7 20. Bd1 Kh8 21. Bd2 Rg8 22. Bf3 Rff8 23. Qe2 Bh6 24. Be1 Rxg1+ 25. Kxg1 Qg5+ 26. Bg3 f4 27. exf4 Rxf4 28. Kh1 Rf8 29. Re1 Nb6 30. Bg4 Bc8 31. Bh3 Kg7 32. Ne3 Qxe3 33. Qxe3 Bxe3 34. Rxe3 Kf7 35. Bh4 Ke8 36. Bg4 Na4 37. Re2 Rf1+ 38. Kg2 Rb1 39. Bh5+ Kd7 40. Re3 Rxb2+ 41. Kh3 Rb3 42. Be1 Rxa3 43. Rg3 Kc6 44. Rg7 Nxc3 45. Be8+ Kb6 46. Bh4 Ne4+ 47. Kg4 c3 48. Bd8+ Ka6 49. Rc7 Bb7 50. h4 b4 51. Re7 Bc8 52. Rc7 c2 53. Rxc2 Rc3 54. Ra2+ Kb7 55. Ra5 a6 56. Be7 b3 57. Ba3 Rc2 58. Ba4 Rg2+ 59. Kh3 b2 60. Bxb2 Rxb2 61. Be8 Rd2 62. Ra4 Kc7 63. Kg4 Rd3 64. Kh5 Ng3+ 65. Kh6 Nf5+ 66. Kg5 Bd7 67. Bxd7 Kxd7 68. Rxa6 Rxd4 69. h5 h6+ 70. Kf6 Rh4 71. Ra7+ Kc6 72. Kxe6 Rxh5 73. Ra6+ Kc5 74. Ra5+ Kd4 75. Kf6 Ke4 76. e6 Rg5 77. Ra4+ d4 78. Ra5 d3 79. Re5+ Kf4 80. Rd5 Ne3 81. Rxd3 Ng4+ 82. Ke7 Rg7+ 83. Kf8 Rg6 84. e7 Re6 85. Rd1 Nf6 86. Rf1+ Kg5 87. Rg1+ Ng4 88. Kf7 Re3 89. Rg2 Kf5 90. Rg1 Ne5+ 91. Kg7 Nc6 92. Rf1+ Kg5 93. Rg1+ Kh4 94. Rh1+ Kg3 95. Rxh6 Nxe7 96. Kf7 Nf5 97. Rg6+ Kf4 98. Ra6 Rh3 99. Ra4+ Kg5 100. Ra5 Re3 101. Ra7 Re5 102. Rd7 Re4 103. Ra7 Nd6+ 104. Kg7 Re6 105. Ra5+ Nf5+ 106. Kf7 Re7+ 107. Kf8 Rb7 108. Rc5 Kf6 109. Rc6+ Ke5 110. Rc5+ Ke6 111. Rc6+ Nd6 112. Kg8 Rd7 113. Ra6 Kf6 114. Ra8 Rg7+ 115. Kf8 Rh7 116. Kg8 Rc7 117. Ra6 Rd7 118. Rb6 Kg6 119. Kf8 Rf7+ 120. Kg8 Rf6 121. Rb8 Nf5 122. Ra8 Ne7+ 123. Kh8 Kf7 124. Kh7 Rg6 125. Ra7 Rg4 126. Kh6 Rg1 127. Kh5 Kf6 128. Ra6+ Ke5 129. Ra5+ Nd5 130. Kh4 Kf4 131. Kh3 Kf5 132. Kh4 Kf4 133. Ra4+ Kf5 134. Ra5 Kf4 135. Ra4+ Kf3 136. Ra3+ Kf4 137. Ra4+ Kf5 138. Ra5 1/2-1/2

[Event "American Continental Blitz 18th"]
[Site "Medellin"]
[Date "2024.05.29"]
[Round "5"]
[White "Manotas, S Franklin"]
[Black "Rincon Fuquen, Angie Lizeth"]
[Result "1-0"]
[WhiteElo "1947"]
[BlackElo "1714"]
[PlyCount "51"]
[EventDate "2024.05.29"]
[EventType "swiss (blitz)"]
[EventRounds "9"]
[EventCountry "COL"]
[SourceTitle "CB23_2024"]
[SourceDate "2024.06.05"]
[SourceVersion "1"]
[SourceVersionDate "2024.06.05"]
[SourceQuality "1"]

1. d4 d5 2. e3 Nf6 3. Bd3 e6 4. Nd2 c5 5. c3 Nc6 6. f4 Be7 7. Ngf3 Nd7 8. Ne5 Bh4+ 9. g3 Bf6 10. 0-0 c4 11. Bc2 Nb6 12. Qf3 g6 13. e4 Bxe5 14. fxe5 Qe7 15. exd5 exd5 16. Rf2 Be6 17. h4 0-0-0 18. Nf1 Rde8 19. Bg5 Qd7 20. Ne3 h5 21. Bf6 Rhg8 22. Kh2 Ne7 23. a4 Na8 24. a5 Nc6 25. a6 b5 26. b3 1-0

[Event "American Continental Blitz 18th"]
[Site "Medellin"]
[Date "2024.05.29"]
[Round "3"]
[White "Manotas, S Franklin"]
[Black "Soriano Quispe, Ivan Excender"]
[Result "0-1"]
[WhiteElo "1947"]
[BlackElo "2293"]
[PlyCount "68"]
[EventDate "2024.05.29"]
[EventType "swiss (blitz)"]
[EventRounds "9"]
[EventCountry "COL"]
[SourceTitle "CB23_2024"]
[SourceDate "2024.06.05"]
[SourceVersion "1"]
[SourceVersionDate "2024.06.05"]
[SourceQuality "1"]

1. d4 Nf6 2. e3 c5 3. c3 d6 4. Bd3 g6 5. Nd2 Bg7 6. f4 0-0 7. Ngf3 Nc6 8. 0-0 b6 9. a3 Bb7 10. h3 Re8 11. Bc4 e6 12. Ba2 Qc7 13. Ng5 Rad8 14. Qe2 h6 15. Nge4 Nxe4 16. Nxe4 Na5 17. Ng3 Bd5 18. Bd2 Bxa2 19. Rxa2 f5 20. b4 Nb3 21. Be1 Nc1 22. Qd2 Nxa2 23. Qxa2 cxd4 24. exd4 Rc8 25. h4 Qc4 26. Qd2 h5 27. Ne2 a5 28. Rf3 axb4 29. axb4 Ra8 30. Re3 Ra2 31. Qd1 Rea8 32. Rd3 Ra1 33. Qd2 R8a2 34. Qe3 Rxe1+ 0-1

[Event "American Continental Blitz 18th"]
[Site "Medellin"]
[Date "2024.05.29"]
[Round "9"]
[White "Manotas, S Franklin"]
[Black "Suarez Flores, Jacobo"]
[Result "1-0"]
[WhiteElo "1947"]
[BlackElo "1716"]
[PlyCount "92"]
[EventDate "2024.05.29"]
[EventType "swiss (blitz)"]
[EventRounds "9"]
[EventCountry "COL"]
[SourceTitle "CB23_2024"]
[SourceDate "2024.06.05"]
[SourceVersion "1"]
[SourceVersionDate "2024.06.05"]
[SourceQuality "1"]

1. d4 d5 2. e3 c6 3. Bd3 Nf6 4. Nd2 Bg4 5. f3 Bh5 6. Ne2 e6 7. 0-0 Bd6 8. f4 0-0 9. c3 Nbd7 10. Qe1 Bg6 11. Bxg6 hxg6 12. Ng3 Nh5 13. Nxh5 gxh5 14. e4 dxe4 15. Nxe4 Bc7 16. Ng5 Nf6 17. h3 g6 18. Rf3 Kg7 19. Rg3 Nd5 20. Qe4 Qf6 21. Rf3 Rae8 22. Bd2 a6 23. Raf1 Qf5 24. Qe2 Nxf4 25. Bxf4 Bxf4 26. Rxf4 Qxg5 27. h4 Qd5 28. a3 e5 29. dxe5 Rxe5 30. Qf2 f5 31. Rd4 Qe6 32. Qd2 Rf7 33. Rd6 Qe7 34. Rd1 Qxh4 35. Rd4 f4 36. Rf1 g5 37. Rd6 Qg4 38. Qd4 Qf5 39. Re1 Rfe7 40. Rd8 Kf7 41. Rf1 Rd5 42. Qc4 Kg7 43. Rb8 Qd3 44. Qb4 Qe3+ 45. Kh1 Qe2 46. Rg1 f3 1-0

[Event "American Continental Blitz 18th"]
[Site "Medellin"]
[Date "2024.05.29"]
[Round "8"]
[White "Villar Reymundo, Juan Antonio"]
[Black "Manotas, S Franklin"]
[Result "1-0"]
[WhiteElo "2203"]
[BlackElo "1947"]
[PlyCount "72"]
[EventDate "2024.05.29"]
[EventType "swiss (blitz)"]
[EventRounds "9"]
[EventCountry "COL"]
[SourceTitle "CB23_2024"]
[SourceDate "2024.06.05"]
[SourceVersion "1"]
[SourceVersionDate "2024.06.05"]
[SourceQuality "1"]

1. Nf3 e6 2. c4 d5 3. b3 Nf6 4. g3 c6 5. Bg2 Bd6 6. Bb2 Qe7 7. d4 Nbd7 8. 0-0 Ne4 9. Nbd2 f5 10. Ne5 Nxe5 11. dxe5 Bc5 12. Qc2 Bb6 13. Nf3 0-0 14. e3 g5 15. Nd4 g4 16. Ne2 Bd7 17. Nf4 Be8 18. a4 Bc5 19. Rfc1 b6 20. Bd4 a5 21. cxd5 cxd5 22. Bxe4 Bxd4 23. Bxd5 Bxa1 24. Bxe6+ Kh8 25. Rxa1 Rd8 26. Qc3 Qg7 27. Rc1 b5 28. Bd5 bxa4 29. Ne6 Rxd5 30. Nxg7 Kxg7 31. e6+ Kg6 32. bxa4 Rf6 33. Qc8 Bxa4 34. Qc4 Rd1+ 35. Rxd1 Bxd1 36. e7 Kg7 1-0

[Event "American Continental 18th"]
[Site "Medellin"]
[Date "2024.05.27"]
[Round "6"]
[White "Manotas, S Franklin"]
[Black "Caballero Marrugo, David Jose"]
[Result "0-1"]
[WhiteElo "1947"]
[BlackElo "2159"]
[PlyCount "60"]
[EventDate "2024.05.24"]
[EventType "swiss"]
[EventRounds "11"]
[EventCountry "COL"]
[SourceTitle "CB23_2024"]
[SourceDate "2024.06.05"]
[SourceVersion "1"]
[SourceVersionDate "2024.06.05"]
[SourceQuality "1"]

1. d4 d6 2. e4 g6 3. Nc3 Bg7 4. Be3 a6 5. Qd2 b5 6. a3 Bb7 7. f3 Nd7 8. g4 Rc8 9. h4 h6 10. h5 g5 11. Nge2 c5 12. Ng3 e6 13. Rd1 Ne7 14. dxc5 dxc5 15. Bxb5 axb5 16. Nxb5 Be5 17. Nd6+ Bxd6 18. Qxd6 Qc7 19. Kf2 Qxd6 20. Rxd6 Rc6 21. Rd2 Ne5 22. b3 0-0 23. Rhd1 f5 24. gxf5 exf5 25. exf5 Nxf5 26. Nxf5 Rxf5 27. Rd8+ Kg7 28. Ke2 Re6 29. Rf1 Ba6+ 30. c4 Nxc4 0-1

[Event "American Continental 18th"]
[Site "Medellin"]
[Date "2024.05.24"]
[Round "1"]
[White "Chaurra Ocampo, Emmanuell"]
[Black "Manotas, S Franklin"]
[Result "0-1"]
[WhiteElo "1464"]
[BlackElo "1947"]
[PlyCount "80"]
[EventDate "2024.05.24"]
[EventType "swiss"]
[EventRounds "11"]
[EventCountry "COL"]
[SourceTitle "CB23_2024"]
[SourceDate "2024.06.05"]
[SourceVersion "1"]
[SourceVersionDate "2024.06.05"]
[SourceQuality "1"]

1. e4 Nf6 2. d3 d5 3. e5 Nfd7 4. d4 c5 5. c3 Nc6 6. Nf3 a6 7. Bd3 cxd4 8. cxd4 Nb6 9. 0-0 Bg4 10. Be2 e6 11. h3 Bh5 12. Nc3 Rc8 13. Be3 Be7 14. Rc1 0-0 15. a3 Na5 16. b4 Nac4 17. Qd3 Bg6 18. Qd1 Nxa3 19. Qb3 Nac4 20. Na2 Qd7 21. Rc3 Rc7 22. Bd3 Bxd3 23. Rxd3 Rfc8 24. Rc1 Nxe3 25. Rxc7 Rxc7 26. Rxe3 h6 27. Re1 Qb5 28. Rb1 Rc4 29. Qa3 Na4 30. Nd2 Rxd4 31. Nf3 Rd3 32. Qc1 Qc4 33. Qxc4 dxc4 34. Rc1 b5 35. Ne1 Rd2 36. Nc3 Nxc3 37. Rxc3 Bxb4 38. Rc1 Bc5 39. Kh2 Bxf2 40. Nc2 Bc5 0-1

[Event "Barranquilla Carnaval Cup"]
[Site "Barranquilla"]
[Date "2024.02.04"]
[Round "3"]
[White "Manzano, Oscar"]
[Black "Manotas, S Franklin"]
[Result "0-1"]
[WhiteElo "1603"]
[BlackElo "1929"]
[PlyCount "96"]
[EventDate "2024.02.03"]
[EventType "swiss"]
[EventRounds "9"]
[EventCountry "COL"]
[SourceTitle "CB07_2024"]
[SourceDate "2024.02.14"]
[SourceVersion "1"]
[SourceVersionDate "2024.02.14"]
[SourceQuality "1"]

1. d4 d5 2. Nf3 f5 3. c4 e6 4. Nc3 Nf6 5. e3 c6 6. Be2 Bd6 7. 0-0 0-0 8. Ne5 Qe7 9. f4 Nbd7 10. c5 Bc7 11. Rf3 Ne4 12. Nxe4 fxe4 13. Rh3 Nxe5 14. fxe5 Ba5 15. Bd2 Bc7 16. Qe1 Bd8 17. Qg3 a5 18. a3 b6 19. Rc1 b5 20. Rh5 g6 21. Be1 Qg7 22. Rh3 Ra7 23. Bd2 Raf7 24. Rf1 Rf5 25. Qe1 a4 26. Rf4 Bg5 27. g3 Bxf4 28. exf4 R5f7 29. Qc1 g5 30. Kh1 Kh8 31. Be3 Ba6 32. Rh5 gxf4 33. gxf4 Rf5 34. Rh4 Qe7 35. Qe1 Rg8 36. Rh3 Rf7 37. Qa5 Qb7 38. Rh6 Rg6 39. Rxg6 hxg6 40. Qd8+ Kg7 41. Bg4 b4 42. Qa5 bxa3 43. bxa3 Qb1+ 44. Kg2 Qf1+ 45. Kg3 Be2 46. Bd2 Bxg4 47. Kxg4 Qf3+ 48. Kh4 e3 0-1

[Event "Cartagena IRT op 4th"]
[Site "Cartagena"]
[Date "2012.06.17"]
[Round "7"]
[White "Navarro Zurique, Ruben"]
[Black "Manotas, S Franklin"]
[Result "1/2-1/2"]
[WhiteElo "1692"]
[BlackElo "1956"]
[PlyCount "109"]
[EventDate "2012.06.14"]
[EventType "swiss"]
[EventRounds "9"]
[EventCountry "COL"]
[SourceTitle "CBM 148 Extra"]
[Source "ChessBase"]
[SourceDate "2012.06.22"]
[SourceVersion "1"]
[SourceVersionDate "2012.06.22"]
[SourceQuality "1"]

1. c4 Nf6 2. Nc3 e6 3. g3 d5 4. cxd5 exd5 5. d4 g6 6. Bg2 c6 7. Nf3 Bg7 8. 0-0 0-0 9. Bf4 Nbd7 10. Qd2 Re8 11. Rac1 Qb6 12. Rfe1 Nh5 13. Be3 f5 14. Ng5 h6 15. Nf3 Kh7 16. Ne5 Nhf6 17. Nf7 Ng8 18. Na4 Qa6 19. b3 Re7 20. Nd6 Bf8 21. Nc5 Nxc5 22. dxc5 Rd7 23. Bf4 b6 24. Qc2 Bxd6 25. cxd6 Bb7 26. Bh3 Rf8 27. g4 Rdf7 28. gxf5 gxf5 29. Bxf5+ Rxf5 30. d7 Ne7 31. Bd6 Rg8+ 32. Kh1 c5 33. Bxe7 d4+ 34. f3 d3 35. Qc4 Qxc4 36. Rxc4 d2 37. Rd1 Rxf3 38. e4 Rc3 39. d8Q Rxd8 40. Bxd8 Rd3 41. Bh4 b5 42. Rc2 Bxe4+ 43. Kg1 Rh3 44. Rcxd2 Rxh4 45. Rd7+ Kg6 46. Rxa7 Rg4+ 47. Kf1 c4 48. bxc4 bxc4 49. Rc7 Bd3+ 50. Kf2 Re4 51. Rd2 Re5 52. Rd7 Bf5 53. Rc7 Bd3 54. Rd7 Bf5 55. Rc7 1/2-1/2

[Event "Puerto Boyaca op"]
[Site "Puerto Boyaca"]
[Date "2012.04.28"]
[Round "4"]
[White "Manotas, S Franklin"]
[Black "Panesso Rivera, Henry"]
[Result "0-1"]
[WhiteElo "1956"]
[BlackElo "2324"]
[PlyCount "38"]
[EventDate "2012.04.26"]
[EventType "swiss"]
[EventRounds "10"]
[EventCountry "COL"]
[SourceTitle "CBM 148 Extra"]
[Source "ChessBase"]
[SourceDate "2012.06.22"]
[SourceVersion "1"]
[SourceVersionDate "2012.06.22"]
[SourceQuality "1"]

1. e4 e5 2. Nf3 Nc6 3. Bb5 f5 4. Bxc6 dxc6 5. Qe2 Nf6 6. Nxe5 fxe4 7. h3 Qd5 8. Nc4 Qg5 9. Ne3 Bd7 10. Nc3 0-0-0 11. b3 Nd5 12. Ncxd5 cxd5 13. d4 exd3 14. Qxd3 Bc5 15. g3 d4 16. Nc4 Rde8+ 17. Kf1 Qd5 18. Rh2 Bf5 19. Qd2 d3 0-1

[Event "Bogota McGregor op 1st"]
[Site "Bogota"]
[Date "2010.12.07"]
[Round "8"]
[White "Manotas, S Franklin"]
[Black "Polo, Daniel"]
[Result "1-0"]
[WhiteElo "1996"]
[BlackElo "1889"]
[PlyCount "81"]
[EventDate "2010.12.03"]
[EventType "swiss"]
[EventRounds "10"]
[EventCountry "COL"]
[SourceTitle "CBM 139 Extra"]
[Source "ChessBase"]
[SourceDate "2011.01.05"]
[SourceVersion "1"]
[SourceVersionDate "2011.01.05"]
[SourceQuality "1"]

1. d4 Nf6 2. Nf3 g6 3. Bf4 Bg7 4. Nbd2 d6 5. e4 Nbd7 6. h3 c6 7. c3 Nh5 8. Be3 b5 9. Be2 Bb7 10. 0-0 Nhf6 11. Qb3 a6 12. e5 Nd5 13. exd6 exd6 14. Ne4 N7f6 15. Nxf6+ Nxf6 16. Bg5 0-0 17. Rfe1 Qc7 18. Nh2 h6 19. Bf4 Qd8 20. Bd3 Kh8 21. Re2 Nd5 22. Bd2 a5 23. Rae1 a4 24. Qc2 Ba6 25. a3 Ra7 26. Qc1 Kh7 27. Ng4 Qh4 28. Re4 f5 29. Re6 fxg4 30. Rxg6 Qxf2+ 31. Kh1 Kh8 32. Rxg4 Qf6 33. Rg6 Qd8 34. Bxh6 Raf7 35. Qd1 Qh4 36. Bg5 Qg3 37. Bf6 Ne3 38. Qh5+ Kg8 39. Rxg3 Rxf6 40. Bh7+ Kh8 41. Bg6+ 1-0